[Event "Europa ch Femenino 2013"]
[Site "Belgrado SER"]
[Date "2013.08.01"]
[Round "9.65"]
[White "Petrukhina, Irina"]
[Black "Velikic, Adela"]
[Result "1/2-1/2"]
[WhiteElo "2190"]
[BlackElo "1992"]
[PlyCount "227"]
[EventDate "2013.07.23"]
[EventType "swiss"]
[EventRounds "11"]
[EventCountry "SER"]
[Source "lmi"]
[SourceDate "2013.07.22"]

1. d4 d5 2. c4 c6 3. cxd5 cxd5 4. Bf4 Nc6 5. Nc3 Nf6 6. e3 e6 7. Bd3 Bb4 8.
Nge2 Nh5 9. Bg3 Nxg3 10. hxg3 g6 11. a3 Be7 12. Nf4 Bf6 13. Qf3 Bg7 14. Rc1 Bd7
15. b4 Rc8 16. O-O O-O 17. Rfd1 Qe7 18. Bb1 a6 19. g4 b5 20. Qg3 Rfd8 21. Nd3
Be8 22. Nc5 a5 23. Nxb5 axb4 24. axb4 Nxb4 25. Nc3 Qa7 26. Ne2 Bb5 27. Nf4 Bc4
28. e4 Bxd4 29. Rxd4 Qxc5 30. Rdd1 d4 31. Qa3 Qb5 32. Qb2 e5 33. Nh3 Na6 34.
Qd2 Kg7 35. f4 Be2 36. Rxc8 Rxc8 37. Re1 Bxg4 38. Nf2 Bd7 39. Bd3 Qb4 40. Qe2
Nc5 41. fxe5 Na4 42. Rf1 Qc5 43. Ng4 Bxg4 44. Qxg4 Nb2 45. Qd7 Rf8 46. e6 Nxd3
47. e7 Ne5 48. exf8=Q+ Kxf8 49. Qd8+ Kg7 50. Qf6+ Kg8 51. Ra1 d3+ 52. Kf1 Nd7
53. Qd8+ Nf8 54. Qxd3 Ne6 55. Rd1 Qe5 56. Qe3 Qh2 57. Qh3 Qxh3 58. gxh3 Ng5 59.
Kg2 Nxe4 60. Rd4 Ng5 61. Rd6 Kg7 62. Rd7 Ne6 63. Kg3 g5 64. Rd5 Kg6 65. Ra5 Ng7
66. Ra8 h5 67. Rg8 Kf6 68. Rh8 Kg6 69. Rg8 Kh7 70. Ra8 Ne6 71. Ra5 Kg6 72. Rb5
f6 73. Ra5 Nf4 74. Rb5 Ne2+ 75. Kf2 Nc3 76. Ra5 Ne4+ 77. Kf3 Nd6 78. Rd5 Nf7
79. Kg3 Ne5 80. Ra5 Kf5 81. Ra4 Nd3 82. Rc4 Nf4 83. Ra4 Kg6 84. Ra5 h4+ 85. Kh2
f5 86. Ra6+ Kh5 87. Ra5 Kg6 88. Ra6+ Kf7 89. Ra5 Kf6 90. Ra4 Ke5 91. Rb4 g4 92.
hxg4 fxg4 93. Ra4 g3+ 94. Kg1 h3 95. Ra2 Kf5 96. Rb2 Kg5 97. Ra2 Nd5 98. Ra3
Kf4 99. Ra8 Kf3 100. Ra3+ Ne3 101. Rb3 Ke2 102. Rb2+ Kf3 103. Rb3 g2 104. Kh2
Kf2 105. Rb2+ Kf3 106. Rb3 Kf4 107. Rb4+ Kg5 108. Rb1 Kh4 109. Rb3 Ng4+ 110.
Kg1 Ne5 111. Kh2 Ng4+ 112. Kg1 Nf6 113. Kh2 Ng4+ 114. Kg1 1/2-1/2

[Event "Europa ch Femenino 2013"]
[Site "Belgrado SER"]
[Date "2013.08.01"]
[Round "9.66"]
[White "Dizdarevic, Barbara"]
[Black "Todorovic, Violeta"]
[Result "1/2-1/2"]
[WhiteElo "1981"]
[BlackElo "2117"]
[PlyCount "144"]
[EventDate "2013.07.23"]
[EventType "swiss"]
[EventRounds "11"]
[EventCountry "SER"]
[Source "lmi"]
[SourceDate "2013.07.22"]

1. e4 c5 2. Nf3 e6 3. d4 cxd4 4. Nxd4 Nc6 5. Nb5 d6 6. c4 Nf6 7. N1c3 a6 8. Na3
Be7 9. Be2 O-O 10. O-O b6 11. Be3 Ne5 12. f3 Qc7 13. Rc1 Bb7 14. Kh1 Rac8 15.
Bg1 Ned7 16. Qd2 Qb8 17. Nc2 Rfd8 18. Rfd1 h6 19. Bf1 a5 20. Nb5 d5 21. exd5
exd5 22. cxd5 Nxd5 23. Ne3 Bg5 24. Rxc8 Rxc8 25. Qd4 Bf6 26. Qg4 Ne5 27. Qg3
Rd8 28. Nf5 Ng6 29. Qxb8 Rxb8 30. Bc4 Nde7 31. Nfd6 Ne5 32. Bb3 Bc6 33. f4 N5g6
34. Bxf7+ Kh7 35. Bxg6+ Nxg6 36. Nd4 Bd5 37. Be3 Nh4 38. Rd2 Rd8 39. N4b5 Bxa2
40. Bxb6 Rd7 41. b4 axb4 42. Rxa2 b3 43. Rd2 b2 44. Na3 Be7 45. g3 Bxd6 46. Nb1
Re7 47. Rd1 Nf3 48. Kg2 Ne1+ 49. Kf2 Nc2 50. Rxd6 Re1 51. Nc3 b1=Q 52. Nxb1
Rxb1 53. Bc5 Rb2 54. Rd2 Nb4 55. Rxb2 Nd3+ 56. Ke3 Nxb2 57. Kd4 Kg6 58. Ke4 Nc4
59. Kd4 Nd2 60. Kd3 Nb3 61. Bb6 Nc1+ 62. Kd2 Na2 63. Bc5 Kf5 64. Kc2 Kg4 65.
Kb2 Kh3 66. f5 Kxh2 67. Bf8 Nb4 68. Bxg7 Kxg3 69. f6 Nd3+ 70. Kc3 Nc5 71. Kc4
Ne4 72. Kd4 Nxf6 1/2-1/2

[Event "Europa ch Femenino 2013"]
[Site "Belgrado SER"]
[Date "2013.08.01"]
[Round "9.67"]
[White "Vrabic, Anita"]
[Black "Egorova, Ayyyna"]
[Result "0-1"]
[WhiteElo "2112"]
[BlackElo "1991"]
[PlyCount "108"]
[EventDate "2013.07.23"]
[EventType "swiss"]
[EventRounds "11"]
[EventCountry "SER"]
[Source "lmi"]
[SourceDate "2013.07.22"]

1. e4 Nf6 2. e5 Nd5 3. d4 d6 4. Nf3 Bg4 5. Be2 c6 6. O-O Bxf3 7. Bxf3 dxe5 8.
dxe5 e6 9. Re1 Nd7 10. Nd2 Bb4 11. g3 Ba5 12. Bg2 Bc7 13. Nf3 Ne7 14. b3 Ng6
15. Bb2 Qe7 16. a4 O-O-O 17. Qe2 Ba5 18. c3 Bc7 19. Nd4 Bxe5 20. Nxc6 bxc6 21.
Qa6+ Kb8 22. Qxc6 Nb6 23. a5 Nd5 24. f4 Bf6 25. Ra4 Rc8 26. Qa6 Qc5+ 27. Kh1
Rc6 28. Qe2 Rc7 29. Rc4 Qd6 30. Rxc7 Kxc7 31. c4 Ndxf4 32. gxf4 Nxf4 33. Qf2
Nxg2 34. Qxa7+ Kd8 35. Bxf6+ gxf6 36. Qa8+ Ke7 37. Qxg2 Qb4 38. Qg3 Qxa5 39.
Re3 Rd8 40. Rd3 Qa8+ 41. Qf3 Qxf3+ 42. Rxf3 Rd2 43. Rg3 Rb2 44. Kg1 f5 45. h4
f4 46. Rg7 e5 47. Rxh7 e4 48. Rh5 Ke6 49. c5 f3 50. c6 Rc2 51. b4 e3 52. Rc5
Rg2+ 53. Kf1 e2+ 54. Ke1 Rg1+ 0-1

[Event "Europa ch Femenino 2013"]
[Site "Belgrado SER"]
[Date "2013.08.01"]
[Round "9.68"]
[White "Bokuchava, Madona"]
[Black "Jacimovic, Sara"]
[Result "1/2-1/2"]
[WhiteElo "2109"]
[BlackElo "1971"]
[PlyCount "88"]
[EventDate "2013.07.23"]
[EventType "swiss"]
[EventRounds "11"]
[EventCountry "SER"]
[Source "lmi"]
[SourceDate "2013.07.22"]

1. d4 Nf6 2. Nf3 g6 3. c4 Bg7 4. Nc3 O-O 5. g3 d6 6. Bg2 Nc6 7. O-O e5 8. d5
Ne7 9. e4 Nd7 10. Ne1 f5 11. Nd3 Nf6 12. Bg5 h6 13. Bxf6 Rxf6 14. f4 exf4 15.
Nxf4 Kh7 16. Qd2 Bd7 17. Rae1 a6 18. e5 dxe5 19. Rxe5 Rd6 20. Re2 b6 21. Rfe1
Ng8 22. Ne6 Bxe6 23. Rxe6 Rxe6 24. Rxe6 Qf8 25. Qe2 Rd8 26. g4 Qc5+ 27. Kh1 Qd4
28. gxf5 gxf5 29. Bh3 Qf4 30. Qe3 Qxc4 31. Bxf5+ Kh8 32. Bd3 Qd4 33. Qxd4 Bxd4
34. Bxa6 Bxc3 35. bxc3 Rxd5 36. Re8 Rc5 37. c4 Kg7 38. Bc8 Nf6 39. Re7+ Kf8 40.
Re6 Kf7 41. Re2 Nh5 42. Re4 Nf6 43. Re2 Ne8 44. Rf2+ Nf6 1/2-1/2

[Event "Europa ch Femenino 2013"]
[Site "Belgrado SER"]
[Date "2013.08.01"]
[Round "9.69"]
[White "Oliveira, Maria Ines"]
[Black "Khalafova, Narmin"]
[Result "0-1"]
[WhiteElo "1978"]
[BlackElo "2107"]
[PlyCount "66"]
[EventDate "2013.07.23"]
[EventType "swiss"]
[EventRounds "11"]
[EventCountry "SER"]
[Source "lmi"]
[SourceDate "2013.07.22"]

1. e4 c5 2. Nf3 d6 3. d4 Nf6 4. Nc3 cxd4 5. Nxd4 a6 6. h3 e5 7. Nb3 Be6 8. Be3
Nbd7 9. f4 Rc8 10. g4 Rxc3 11. bxc3 Nxe4 12. Qd3 Qh4+ 13. Kd1 Bxg4+ 14. hxg4
Qxh1 15. Kc1 exf4 16. Bxf4 g5 17. Kb2 gxf4 18. Be2 Ne5 19. Rxh1 Nxd3+ 20. Bxd3
Nf2 21. Re1+ Kd8 22. Bf5 Be7 23. Na5 Bh4 24. Rg1 h5 25. Nxb7+ Kc7 26. Na5 hxg4
27. Nc4 Rh5 28. Bd3 Nxd3+ 29. cxd3 f5 30. Kc2 Bf2 31. Rb1 g3 32. Nd2 g2 33. Nf3
Rh1 0-1

[Event "Europa ch Femenino 2013"]
[Site "Belgrado SER"]
[Date "2013.08.01"]
[Round "9.70"]
[White "Serefidou, Despina"]
[Black "Coimbra, Margarida"]
[Result "1-0"]
[WhiteElo "1971"]
[BlackElo "2093"]
[PlyCount "139"]
[EventDate "2013.07.23"]
[EventType "swiss"]
[EventRounds "11"]
[EventCountry "SER"]
[Source "lmi"]
[SourceDate "2013.07.22"]

1. e4 e5 2. Nf3 Nc6 3. Nc3 Nf6 4. d4 exd4 5. Nxd4 Bb4 6. Nxc6 bxc6 7. Bd3 d5 8.
exd5 cxd5 9. O-O O-O 10. h3 c6 11. Qf3 Bd6 12. Bf4 Rb8 13. b3 Qc7 14. Ne2 Re8
15. Rfe1 Bd7 16. Qg3 Bxf4 17. Qxf4 Qa5 18. c4 Rbd8 19. Rec1 Ne4 20. cxd5 cxd5
21. Qc7 Qa3 22. Bxe4 dxe4 23. Rd1 Qb2 24. Ng3 Qf6 25. Rac1 Bb5 26. Rxd8 Qxd8
27. Qxd8 Rxd8 28. Nxe4 f6 29. a4 Be2 30. Rc7 a6 31. Nc5 Rd1+ 32. Kh2 Rb1 33.
Rb7 h5 34. Kg3 Kh7 35. Ne6 Bd1 36. Rxg7+ Kh6 37. Rb7 Rxb3+ 38. Rxb3 Bxb3 39.
Nc5 Bc4 40. h4 Kg6 41. Kf4 Bf1 42. g3 Bc4 43. a5 Be2 44. Ke4 Bb5 45. f4 Bc6+
46. Ke3 Bb5 47. Ne6 Bc4 48. Nd4 f5 49. Nf3 Bd5 50. Ne5+ Kf6 51. Kd4 Bg2 52. Kc5
Ke6 53. Nc6 Bf1 54. Nd4+ Kf6 55. Kd6 Bd3 56. Nc6 Be2 57. Ne7 Bd3 58. Nd5+ Kf7
59. Ke5 Be4 60. Nb4 Ke7 61. Nxa6 Kd8 62. Kd6 Kc8 63. Nc5 Bf3 64. Ke5 Bg4 65. a6
Kb8 66. Ne6 Ka7 67. Ng7 Kxa6 68. Nxf5 Kb6 69. Nh6 Be2 70. Kd6 1-0

[Event "Europa ch Femenino 2013"]
[Site "Belgrado SER"]
[Date "2013.08.01"]
[Round "9.71"]
[White "Nonkovic, Bogdana"]
[Black "Olea, Liliana"]
[Result "1-0"]
[WhiteElo "2081"]
[BlackElo "1905"]
[PlyCount "85"]
[EventDate "2013.07.23"]
[EventType "swiss"]
[EventRounds "11"]
[EventCountry "SER"]
[Source "lmi"]
[SourceDate "2013.07.22"]

1. Nf3 d5 2. d4 c6 3. c4 Nf6 4. Qc2 e6 5. g3 Nbd7 6. Bg2 Ne4 7. O-O Bd6 8. b3
O-O 9. Ba3 Bxa3 10. Nxa3 Qe7 11. Qb2 b6 12. Rac1 Bb7 13. b4 a6 14. Nb1 a5 15.
a3 axb4 16. axb4 Ra4 17. c5 Rfa8 18. Nc3 Nxc3 19. Qxc3 Ra2 20. Ra1 R8a3 21.
Qxa3 Rxa3 22. Rxa3 Qd8 23. Rfa1 Qc8 24. e3 h6 25. Bf1 b5 26. Ra5 Nb8 27. Ne5 f6
28. Ng6 Kf7 29. Nf4 g5 30. Nd3 Kg6 31. Ne1 e5 32. Bd3+ e4 33. Bxb5 cxb5 34.
Rxb5 Nc6 35. Rb6 Nxb4 36. Rxb4 Ba6 37. Rb2 Bc4 38. Kg2 h5 39. h3 h4 40. g4 f5
41. Rb6+ Kh7 42. Ra7+ Kh8 43. Rab7 1-0

[Event "Europa ch Femenino 2013"]
[Site "Belgrado SER"]
[Date "2013.08.01"]
[Round "9.72"]
[White "Panic, Anastasija"]
[Black "Kezele, Tamara"]
[Result "0-1"]
[WhiteElo "1948"]
[BlackElo "1994"]
[PlyCount "50"]
[EventDate "2013.07.23"]
[EventType "swiss"]
[EventRounds "11"]
[EventCountry "SER"]
[Source "lmi"]
[SourceDate "2013.07.22"]

1. e4 e6 2. d4 d5 3. Nd2 Nf6 4. e5 Nfd7 5. Bd3 c5 6. c3 Nc6 7. Ngf3 cxd4 8.
cxd4 Qb6 9. O-O Be7 10. Nb3 Qd8 11. h3 O-O 12. Nh2 f6 13. Qh5 f5 14. f4 a5 15.
Be3 Nb4 16. Bb1 a4 17. Nc1 Nb6 18. Nd3 Nc4 19. Bc1 Nxd3 20. Bxd3 Qb6 21. Nf3
Bd7 22. Ne1 Qxd4+ 23. Kh1 a3 24. Bxc4 Qxc4 25. Rf2 Bc5 0-1

[Event "Europa ch Femenino 2013"]
[Site "Belgrado SER"]
[Date "2013.08.01"]
[Round "9.73"]
[White "Djukic, Sandra"]
[Black "Rakic, Teodora"]
[Result "1-0"]
[WhiteElo "2197"]
[BlackElo "1862"]
[PlyCount "69"]
[EventDate "2013.07.23"]
[EventType "swiss"]
[EventRounds "11"]
[EventCountry "SER"]
[Source "lmi"]
[SourceDate "2013.07.22"]

1. c4 d6 2. Nc3 e5 3. g3 f5 4. d3 Nf6 5. Bg2 c6 6. Nf3 Be7 7. O-O Qc7 8. Rb1 a5
9. a3 O-O 10. b4 Kh8 11. b5 c5 12. Ne1 Be6 13. Nc2 Nbd7 14. f4 e4 15. dxe4 Nxe4
16. Nxe4 fxe4 17. Ne3 Bf6 18. Bb2 Bxb2 19. Rxb2 Nf6 20. f5 Bg8 21. g4 Rfe8 22.
Rd2 h6 23. Qe1 Rad8 24. Qg3 Nh7 25. Rfd1 Re5 26. Qxe5 dxe5 27. Rxd8 Nf6 28. Ra8
g5 29. Rdd8 Kg7 30. Rac8 Qe7 31. b6 Bf7 32. Nd5 Nxd5 33. cxd5 c4 34. d6 Qf6 35.
Bxe4 1-0

[Event "Europa ch Femenino 2013"]
[Site "Belgrado SER"]
[Date "2013.08.01"]
[Round "9.74"]
[White "Kaplan, Ebru"]
[Black "Miladinovic, Lena"]
[Result "1/2-1/2"]
[WhiteElo "1885"]
[BlackElo "2083"]
[PlyCount "112"]
[EventDate "2013.07.23"]
[EventType "swiss"]
[EventRounds "11"]
[EventCountry "SER"]
[Source "lmi"]
[SourceDate "2013.07.22"]

1. e4 c5 2. Nf3 e6 3. d4 cxd4 4. Nxd4 Nc6 5. Nc3 Qc7 6. Be3 Nf6 7. f4 Nxd4 8.
Qxd4 Ng4 9. O-O-O Nxe3 10. Qxe3 Bc5 11. Qg3 O-O 12. e5 d5 13. Bd3 Rd8 14. Qh3
g6 15. g4 a6 16. Qg3 b5 17. h4 b4 18. Ne2 Bf8 19. h5 Bg7 20. hxg6 hxg6 21. Rh3
Bb7 22. Nd4 Qb6 23. Qe3 a5 24. f5 exf5 25. gxf5 Re8 26. fxg6 fxg6 27. Bxg6 Qxg6
28. Rg1 Qe4 29. Qxe4 dxe4 30. Nf5 Kf7 31. Rxg7+ Ke6 32. Nd6 Rg8 33. Rxg8 Rxg8
34. Nxb7 Rg1+ 35. Kd2 Kxe5 36. Re3 Kd4 37. c3+ bxc3+ 38. bxc3+ Kd5 39. Re2 Ra1
40. Ke3 Rc1 41. Rd2+ Ke5 42. Nxa5 Rxc3+ 43. Ke2 Kf4 44. Nb3 Rh3 45. Kd1 Rh1+
46. Kc2 e3 47. Re2 Kf3 48. Nd4+ Ke4 49. Nf5 Kxf5 50. Rxe3 Rh6 51. a4 Re6 52.
Rd3 Ke5 53. Kc3 Rd6 54. Rh3 Kd5 55. Kb4 Kc6 56. Rh5 Kb6 1/2-1/2

[Event "Europa ch Femenino 2013"]
[Site "Belgrado SER"]
[Date "2013.08.01"]
[Round "9.75"]
[White "Bejatovic, Bojana"]
[Black "Paramentic, Mila"]
[Result "1-0"]
[WhiteElo "2002"]
[BlackElo "1936"]
[PlyCount "83"]
[EventDate "2013.07.23"]
[EventType "swiss"]
[EventRounds "11"]
[EventCountry "SER"]
[Source "lmi"]
[SourceDate "2013.07.22"]

1. d4 d5 2. Nf3 Nf6 3. Bg5 e6 4. Nbd2 Be7 5. Bxf6 Bxf6 6. e4 dxe4 7. Nxe4 Be7
8. Bd3 b6 9. c3 Bb7 10. Qe2 Nd7 11. O-O-O Nf6 12. Neg5 Nd5 13. h4 Nf4 14. Bb5+
c6 15. Qe4 Qc7 16. Ne5 cxb5 17. Qxf4 Bxg5 18. hxg5 Bd5 19. Qe3 O-O-O 20. Qd3 f6
21. gxf6 gxf6 22. Ng4 Bxg2 23. Rhg1 Bd5 24. Qxb5 Bc4 25. Qa4 Kb8 26. Kb1 Be2
27. Rde1 Bxg4 28. Rxg4 f5 29. Rh4 Qd6 30. Rh6 Rde8 31. Rxh7 Rxh7 32. Qxe8+ Kb7
33. Rxe6 Rh1+ 34. Kc2 Qf4 35. Re7+ Qc7 36. Rxc7+ Kxc7 37. Qe5+ Kc8 38. Qxf5+
Kc7 39. Qf7+ Kc8 40. d5 Rh2 41. d6 Kb8 42. Qc7+ 1-0

[Event "Europa ch Femenino 2013"]
[Site "Belgrado SER"]
[Date "2013.08.01"]
[Round "9.76"]
[White "Gjergji, Rozana"]
[Black "Khropova, Larisa"]
[Result "0-1"]
[WhiteElo "1917"]
[BlackElo "1987"]
[PlyCount "60"]
[EventDate "2013.07.23"]
[EventType "swiss"]
[EventRounds "11"]
[EventCountry "SER"]
[Source "lmi"]
[SourceDate "2013.07.22"]

1. e4 c5 2. f4 Nc6 3. Nf3 d5 4. exd5 Qxd5 5. Nc3 Qd8 6. Bc4 Nf6 7. O-O e6 8. d3
a6 9. a3 b5 10. Ba2 Be7 11. Kh1 O-O 12. Ne5 Bb7 13. Ng4 Nd4 14. Nxf6+ gxf6 15.
Ne4 Kh8 16. Be3 Rc8 17. Ng3 f5 18. c3 Nc6 19. Qe2 Qc7 20. Qh5 Rcd8 21. Rf3 Rg8
22. Rg1 Rg7 23. Bf2 Nb8 24. Re3 Qxf4 25. Nxf5 Qxf2 26. Nxg7 Qxe3 27. Qxf7 Rf8
28. Nf5 Qxg1+ 29. Kxg1 Rxf7 30. Bxe6 Rf6 0-1

[Event "Europa ch Femenino 2013"]
[Site "Belgrado SER"]
[Date "2013.08.01"]
[Round "9.77"]
[White "Milanovic, Maja"]
[Black "Injac, Teodora"]
[Result "0-1"]
[WhiteElo "1969"]
[BlackElo "1713"]
[PlyCount "60"]
[EventDate "2013.07.23"]
[EventType "swiss"]
[EventRounds "11"]
[EventCountry "SER"]
[Source "lmi"]
[SourceDate "2013.07.22"]

1. e4 e6 2. d4 d5 3. Nc3 Nf6 4. Bg5 Be7 5. e5 Nfd7 6. Bxe7 Qxe7 7. f4 a6 8. Nf3
c5 9. dxc5 Nc6 10. Bd3 Nxc5 11. O-O h6 12. Qd2 O-O 13. Rae1 Bd7 14. a3 f5 15.
Qf2 Ne4 16. Qb6 g5 17. g3 Be8 18. Re2 Bh5 19. Kh1 Rf7 20. Rg2 Bg4 21. Rgg1 Rd8
22. Bxa6 Bh3 23. Re1 Qc7 24. Qe3 bxa6 25. Nxe4 dxe4 26. Nd2 Qa7 27. Nc4 Qxe3
28. Rxe3 Bg4 29. Rge1 Nd4 30. Rc1 Bf3+ 0-1

[Event "Europa ch Femenino 2013"]
[Site "Belgrado SER"]
[Date "2013.08.01"]
[Round "9.78"]
[White "Gurcan, Aytolun"]
[Black "Velickovski-Nejkovic, Maja"]
[Result "1-0"]
[WhiteElo "1705"]
[BlackElo "2083"]
[PlyCount "87"]
[EventDate "2013.07.23"]
[EventType "swiss"]
[EventRounds "11"]
[EventCountry "SER"]
[Source "lmi"]
[SourceDate "2013.07.22"]

1. e4 e5 2. Nc3 d6 3. g3 Nf6 4. Bg2 c6 5. d4 Qc7 6. Nge2 Be7 7. O-O b5 8. a3 a6
9. f4 O-O 10. h3 Rd8 11. Qe1 Bb7 12. Be3 Nbd7 13. g4 exf4 14. Bxf4 Qb6 15. Qf2
Rf8 16. Ng3 Qd8 17. Nf5 Ne8 18. Rae1 Nb6 19. e5 dxe5 20. Nxe7+ Qxe7 21. Rxe5
Qd8 22. Rfe1 Rc8 23. Re7 Ba8 24. b3 Nc7 25. Qh4 Ne6 26. Be4 g6 27. Bxg6 hxg6
28. Be5 Qxd4+ 29. Bxd4 Nxd4 30. Qf6 c5 31. Qxb6 Nf3+ 32. Kf1 Rc6 33. Qa7 Rf6
34. R1e2 Nh2+ 35. Ke1 Nf3+ 36. Kd1 Nd4 37. Re1 Nc6 38. Qxa6 Kg7 39. Ne4 Rf4 40.
Nxc5 Nxe7 41. Rxe7 Bf3+ 42. Kc1 Ra8 43. Qxb5 Rf6 44. Nd7 1-0

[Event "Europa ch Femenino 2013"]
[Site "Belgrado SER"]
[Date "2013.08.01"]
[Round "9.79"]
[White "Bogumil, Tatiana"]
[Black "Rudovic, Anja"]
[Result "1-0"]
[WhiteElo "2084"]
[BlackElo "1549"]
[PlyCount "41"]
[EventDate "2013.07.23"]
[EventType "swiss"]
[EventRounds "11"]
[EventCountry "SER"]
[Source "lmi"]
[SourceDate "2013.07.22"]

1. Nf3 c5 2. c4 Nf6 3. b3 Nc6 4. Bb2 d5 5. cxd5 Nxd5 6. g3 Bd7 7. Bg2 b6 8. O-O
Rc8 9. Na3 f6 10. Nc4 Nc7 11. d4 cxd4 12. Nxd4 e5 13. Nxc6 Bxc6 14. Bxc6+ Kf7
15. e4 Bc5 16. Bd7 Rb8 17. Nd6+ Ke7 18. Nf5+ Kf8 19. a3 a5 20. Qd2 g6 21. Qh6+
1-0

[Event "Europa ch Femenino 2013"]
[Site "Belgrado SER"]
[Date "2013.08.01"]
[Round "9.80"]
[White "Nikolovska, Dragana"]
[Black "Brankov, Kristina"]
[Result "1-0"]
[WhiteElo "1848"]
[BlackElo "1903"]
[PlyCount "51"]
[EventDate "2013.07.23"]
[EventType "swiss"]
[EventRounds "11"]
[EventCountry "SER"]
[Source "lmi"]
[SourceDate "2013.07.22"]

1. d4 Nf6 2. Nc3 d5 3. e4 dxe4 4. f3 e3 5. Bxe3 e6 6. Bd3 Nd5 7. Nxd5 exd5 8.
Ne2 Bd6 9. c3 Nc6 10. O-O Ne7 11. Qc2 c6 12. Bg5 Qc7 13. f4 Bg4 14. Rae1 f6 15.
Bh4 O-O-O 16. b4 Ng6 17. Bg3 Bxe2 18. Qxe2 Nxf4 19. Bxf4 Bxf4 20. Qg4+ Kb8 21.
Qxf4 Rd6 22. Re3 h5 23. Rfe1 Rhd8 24. Bg6 a5 25. Re7 Qb6 26. R1e6 1-0

[Event "Europa ch Femenino 2013"]
[Site "Belgrado SER"]
[Date "2013.08.01"]
[Round "9.81"]
[White "Mahmutbegovic, Nadina"]
[Black "Pihajlic, Amalija"]
[Result "1/2-1/2"]
[WhiteElo "1800"]
[BlackElo "1882"]
[PlyCount "88"]
[EventDate "2013.07.23"]
[EventType "swiss"]
[EventRounds "11"]
[EventCountry "SER"]
[Source "lmi"]
[SourceDate "2013.07.22"]

1. e4 e6 2. d4 d5 3. exd5 exd5 4. Bd3 Bd6 5. Nf3 Ne7 6. O-O h6 7. Re1 Bg4 8.
Nbd2 Nbc6 9. c3 Qd7 10. Qc2 O-O-O 11. b4 Rde8 12. b5 Nd8 13. a4 Bf5 14. Nb3
Bxd3 15. Qxd3 Qf5 16. Qxf5+ Nxf5 17. Bd2 f6 18. Rac1 g5 19. Rxe8 Rxe8 20. h3 h5
21. Nh2 Bxh2+ 22. Kxh2 Nd6 23. Be1 Re2 24. Nd2 Ne6 25. g3 g4 26. hxg4 hxg4 27.
Kg1 Ng5 28. Kf1 Re8 29. c4 dxc4 30. Nxc4 Nxc4 31. Rxc4 Re4 32. Bc3 Ne6 33. Rb4
f5 34. d5 Nc5 35. Rxe4 Nxe4 36. Bd4 a6 37. bxa6 bxa6 38. Ke2 Kd7 39. Be5 Nc5
40. Ke3 Nxa4 41. Kf4 Nb6 42. Kxf5 Nxd5 43. Kxg4 c5 44. Kf3 Ke6 1/2-1/2

[Event "Europa ch Femenino 2013"]
[Site "Belgrado SER"]
[Date "2013.08.01"]
[Round "9.82"]
[White "Nestorovic, Katarina"]
[Black "Ivekovic, Ivana"]
[Result "0-1"]
[WhiteElo "1484"]
[BlackElo "1858"]
[PlyCount "112"]
[EventDate "2013.07.23"]
[EventType "swiss"]
[EventRounds "11"]
[EventCountry "SER"]
[Source "lmi"]
[SourceDate "2013.07.22"]

1. e4 c6 2. d4 d5 3. Nd2 dxe4 4. Nxe4 Bf5 5. Ng3 Bg6 6. f4 e6 7. c3 Nf6 8. Nf3
Nbd7 9. Bd3 Bxd3 10. Qxd3 c5 11. Ne5 cxd4 12. cxd4 Bb4+ 13. Bd2 Bxd2+ 14. Qxd2
O-O 15. O-O Rc8 16. Qe2 Nb6 17. Rad1 Nbd5 18. f5 Qe7 19. fxe6 Qxe6 20. Nf5 Ne7
21. Nxe7+ Qxe7 22. Rfe1 Qc7 23. Rd2 Rfe8 24. Qf2 Re6 25. Ree2 Qc1+ 26. Qf1
Qxf1+ 27. Kxf1 Nd5 28. Kf2 f6 29. Ng4 Kf7 30. Rxe6 Kxe6 31. Ne3 Nxe3 32. Kxe3
Kd5 33. Kd3 Rc4 34. Ke3 b6 35. b3 Rc3+ 36. Ke2 h5 37. Kf2 Rc7 38. Ke3 Re7+ 39.
Kf4 g6 40. Kg3 Re3+ 41. Kf2 Re4 42. Rd3 Rxd4 43. Ke3 Rxd3+ 44. Kxd3 b5 45. Kc3
a5 46. a3 g5 47. Kd3 b4 48. axb4 axb4 49. Ke3 f5 50. g3 Ke5 51. h3 f4+ 52.
gxf4+ gxf4+ 53. Kf3 h4 54. Kf2 Ke4 55. Ke2 f3+ 56. Kf1 Kd3 0-1

[Event "Europa ch Femenino 2013"]
[Site "Belgrado SER"]
[Date "2013.08.01"]
[Round "9.83"]
[White "Sarjanovic, Andjela"]
[Black "Sekulovic, Dusica"]
[Result "0-1"]
[WhiteElo "1655"]
[BlackElo "1805"]
[PlyCount "104"]
[EventDate "2013.07.23"]
[EventType "swiss"]
[EventRounds "11"]
[EventCountry "SER"]
[Source "lmi"]
[SourceDate "2013.07.22"]

1. Nc3 d5 2. e4 d4 3. Nce2 e5 4. Ng3 Nf6 5. Nf3 Bd6 6. Bc4 h6 7. d3 c6 8. O-O
O-O 9. Bd2 Kh8 10. Qc1 Qe7 11. Bxh6 gxh6 12. Qxh6+ Nh7 13. Nh4 Qf6 14. Nhf5
Bxf5 15. Nxf5 Bc7 16. Qxf6+ Nxf6 17. Nh6 Kg7 18. Nf5+ Kh7 19. f4 exf4 20. Nxd4
Nbd7 21. Ne2 Nh5 22. d4 f6 23. Bd3 Kg7 24. Rf3 Rh8 25. c4 Rae8 26. Nc3 Bb6 27.
c5 Bc7 28. Re1 Rh6 29. Rh3 a5 30. Be2 Reh8 31. Bxh5 Rxh5 32. Rxh5 Rxh5 33. Rf1
b6 34. cxb6 Bxb6 35. Ne2 Rh4 36. Kh1 Nf8 37. Rc1 Ne6 38. Rxc6 Nxd4 39. Rxb6
Nxe2 40. Rb7+ Kg6 41. b4 axb4 42. Rxb4 Rh8 43. h3 Ra8 44. a4 Nc3 45. Rc4 Nxa4
46. Kg1 Nb2 47. Rc6 Nd3 48. Rc2 Ra1+ 49. Kh2 Re1 50. Rd2 Re3 51. g4 fxg3+ 52.
Kg2 Nf4+ 0-1

[Event "Europa ch Femenino 2013"]
[Site "Belgrado SER"]
[Date "2013.08.01"]
[Round "9.84"]
[White "Korbovljanovic, Natasa"]
[Black "Jankovic, Milanka"]
[Result "1-0"]
[WhiteElo "1877"]
[BlackElo "1619"]
[PlyCount "72"]
[EventDate "2013.07.23"]
[EventType "swiss"]
[EventRounds "11"]
[EventCountry "SER"]
[Source "lmi"]
[SourceDate "2013.07.22"]

1. e4 e5 2. Nf3 Nc6 3. Bb5 Nge7 4. Nc3 a6 5. Ba4 d6 6. d3 Bd7 7. Bb3 h6 8. a3
Nd4 9. Nxd4 exd4 10. Ne2 c5 11. Nf4 g6 12. Qf3 Rh7 13. Bd2 a5 14. a4 Qc8 15. h3
Be6 16. Nxe6 fxe6 17. Qf6 Rf7 18. Qxe6 Qxe6 19. Bxe6 Rf6 20. Bc4 Kd8 21. f4 b6
22. O-O-O Kc7 23. g4 Bg7 24. Rde1 Rff8 25. f5 gxf5 26. exf5 Nc8 27. Rhf1 Rf6
28. Re6 Rxe6 29. Bxe6 Bf6 30. Bxh6 Ne7 31. g5 Be5 32. h4 Rh8 33. h5 Ng8 34.
Bxg8 Rxg8 35. f6 Bxf6 36. gxf6 Rh8 1-0

[Event "Europa ch Femenino 2013"]
[Site "Belgrado SER"]
[Date "2013.08.02"]
[Round "10.1"]
[White "Kosteniuk, Alexandra"]
[Black "Hoang, Thanh Trang"]
[Result "0-1"]
[WhiteElo "2489"]
[BlackElo "2467"]
[PlyCount "84"]
[EventDate "2013.07.23"]
[EventType "swiss"]
[EventRounds "11"]
[EventCountry "SER"]
[Source "lmi"]
[SourceDate "2013.07.22"]

1. e4 e6 2. d4 d5 3. Nc3 Nf6 4. Bg5 Be7 5. e5 Nfd7 6. h4 h6 7. Be3 c5 8. Qg4 g6
9. dxc5 Nxe5 10. Qg3 Nbc6 11. Bb5 Bd7 12. Bf4 Bf6 13. Nge2 a6 14. Bxc6 Nxc6 15.
Bc7 Qe7 16. Bd6 Qd8 17. h5 g5 18. Bc7 Qe7 19. Bd6 Qd8 20. O-O Ne7 21. Bc7 Qc8
22. Be5 Nf5 23. Qh2 Bxe5 24. Qxe5 O-O 25. b4 f6 26. Qh2 d4 27. Ne4 Bc6 28. Nd6
Nxd6 29. Qxd6 e5 30. f4 Qg4 31. Rf2 Rad8 32. Qc7 gxf4 33. a4 Rd7 34. Qb6 Rg7
35. Kf1 Bxg2+ 36. Ke1 f3 37. c6 fxe2 38. c7 Bf3 39. Qd6 Qg1+ 40. Kd2 e1=Q+ 41.
Rxe1 Qxf2+ 42. Kd3 Rxc7 0-1

[Event "Europa ch Femenino 2013"]
[Site "Belgrado SER"]
[Date "2013.08.02"]
[Round "10.2"]
[White "Melia, Salome"]
[Black "Cmilyte, Viktorija"]
[Result "1/2-1/2"]
[WhiteElo "2428"]
[BlackElo "2497"]
[PlyCount "66"]
[EventDate "2013.07.23"]
[EventType "swiss"]
[EventRounds "11"]
[EventCountry "SER"]
[Source "lmi"]
[SourceDate "2013.07.22"]

1. e4 c5 2. Nf3 d6 3. Bb5+ Nd7 4. c3 Ngf6 5. Qe2 a6 6. Ba4 b5 7. Bc2 Bb7 8. d4
e6 9. O-O Be7 10. Nbd2 cxd4 11. cxd4 Rc8 12. Bd3 Nb6 13. b3 O-O 14. a4 d5 15.
e5 Ne4 16. Nxe4 dxe4 17. Bxe4 Bxe4 18. Qxe4 bxa4 19. bxa4 Qd5 20. Qg4 Kh8 21.
Ba3 Bxa3 22. Rxa3 Rc4 23. a5 Ra4 24. Rxa4 Nxa4 25. h3 Nc3 26. Ra1 h6 27. Kh2
Rb8 28. Qf4 Qb7 29. Qd2 Ne4 30. Qe2 Nc3 31. Qd2 Ne4 32. Qe2 Nc3 33. Qd2 Ne4
1/2-1/2